ბათუმის შოთა რუსთაველის სახელმწიფო უნივერსიტეტის ბიბლიოთეკა

ჩანაწერი Corporate Name

ჩანაწერთა რაოდენობა, რომელიც გამოყენებულია: 1

001 - CONTROL NUMBER

  • control field: 2360

003 - CONTROL NUMBER IDENTIFIER

  • control field: GE_BSU

005 - DATE AND TIME OF LATEST TRANSACTION

  • control field: 20190610190553.0

008 - FIXED-LENGTH DATA ELEMENTS

  • fixed length control field: 190610|| aca||aabn | a|a d

040 ## - CATALOGING SOURCE

  • Original cataloging agency: GE_BSU
  • Transcribing agency: GE_BSU

110 ## - HEADING--CORPORATE NAME

  • Corporate name or jurisdiction name as entry element: მეტალურგიისა და მასალათმცოდნ. ინ-ტი

670 ## - SOURCE DATA FOUND

  • Source citation: Work cat.: (GE_BSU)36873: შურაძე, ომარ 2354, არაორგანული მასალათმცოდნეობისა და მეტალურგიის ტერმინთა განმარტებითი ლექსიკონი = Толковый словарь по неорганическому материаловедению и металлургии = Explanatory dictionary on non-organic materials science and metallurgy :